000 00858nmc a2200313 a 4500
003 AR-BaBNM
005 20251128205613.0
008 288019s1974 ||||||||||||||000 | spa||
020 _a84-323-0097-7
040 _cAR-BaBNM
100 1 _aVilliers, John
245 1 0 _aAsia Sudoriental
_bantes de la época colonial
250 _a2ª ed.
260 _aMéxico, D.F.
_bSiglo Veintiuno
_c1974
300 0 _a308 p.
_btablas
490 0 _aHistoria Universal siglo XXI
_vv. 18
500 0 _aIndice alfabético p. 294-308
504 _aBibliografía p. 280-292
650 4 _aHISTORIA ASIATICA
650 4 _aMONGOLES
650 4 _aCULTURAS ASIATICAS
650 4 _aRELIGION
650 4 _aHISTORIA ECONOMICA
650 4 _aHISTORIA SOCIAL
651 4 _aMalasia
700 1 _aSantos Fontela, Fernando
_etraductor
942 _cBK
998 _cMariana
999 _c12091
_d12091